00444nam a2200157Ia 4500003000400000008004100004040001600045082001700061100001700078245009000095260003100185300001000216650002100226650001200247650002700259GCL140319s9999 xx 000 0 eng d aGCL / cGCL04a944.035bB E1 aBARBEY, JEAN10aETRE ROI: LE ROI ET SON GOUVERNEMENT EN FRANCE DE CLOVIS A LOUIS XVI / cBARBEY, JEAN a[S.N] : bFAYARD ، c1992 a573 P04aFRANCE - HISTORY04aHISTORY04aLOUIS XIV, 1643 - 1715